Official Electronic Communications with the Public Authorities

Gespeichert in:
Bibliographische Detailangaben
1. Verfasser: Olexová, Cecília, 1976-
Format: Buchkapitel
Sprache:Englisch
Schlagworte:
Tags: Tag hinzufügen
Keine Tags, Fügen Sie das erste Tag hinzu!

MARC

LEADER 00000nla a2200000 4500
001 0227425
005 20240502073740.6
041 0 |a eng 
044 |a SK 
245 1 0 |a Official Electronic Communications with the Public Authorities  |c Cecília Olexová 
500 |a Abstrakt 
610 2 0 |a správa verejná elektronická 
610 2 0 |a komunikácia elektronická 
610 2 0 |a pošta elektronická 
610 2 0 |a služba verejná 
610 2 0 |a osoby právnické 
610 2 0 |a osoby fyzické 
100 1 |a Olexová, Cecília, 1976-